[Event "Popayan Yeika op 1st"]
[Site "Popayan"]
[Date "2024.10.14"]
[Round "6"]
[White "Tobar Beltran, Carlos Andres"]
[Black "Dorado Piamba, Juan Jose"]
[Result "1-0"]
[WhiteElo "2116"]
[BlackElo "1841"]
[PlyCount "119"]
[EventDate "2024.10.11"]
[EventType "swiss"]
[EventRounds "7"]
[EventCountry "COL"]
[SourceTitle "CB43_2024"]
[Source "Chessbase"]
[SourceDate "2024.10.23"]
[SourceVersion "1"]
[SourceVersionDate "2024.10.23"]
[SourceQuality "1"]

1. Nf3 Nf6 2. b3 b6 3. Bb2 Bb7 4. e3 d6 5. c4 Nbd7 6. Nc3 g6 7. d4 Bg7 8. Qc2 0-0 9. Be2 e5 10. 0-0 Qe7 11. dxe5 Nxe5 12. Nxe5 dxe5 13. Rad1 Rfd8 14. e4 c6 15. g3 Nd7 16. Bf3 Nf8 17. Bg2 Rxd1 18. Nxd1 Ne6 19. f4 exf4 20. Bxg7 Kxg7 21. gxf4 Nd4 22. Qf2 c5 23. Nc3 f5 24. e5 Kh8 25. Bxb7 Qxb7 26. Nd5 Rg8 27. h4 b5 28. Qg2 bxc4 29. bxc4 Ne6 30. Nf6 Qxg2+ 31. Kxg2 Rb8 32. Rd1 Rb7 33. Rd6 Nd4 34. Kf2 Kg7 35. Ke3 h6 36. Nd5 Kf7 37. Rf6+ Kg7 38. Ra6 Kf7 39. Nc3 Nc2+ 40. Kd2 Nd4 41. a4 Ne6 42. Nb5 Ke7 43. Ke3 Kd7 44. Rd6+ Ke7 45. a5 Rd7 46. Ra6 Rb7 47. Nxa7 Nc7 48. Nc6+ Kd7 49. Rb6 Rxb6 50. axb6 Kxc6 51. bxc7 Kxc7 52. h5 gxh5 53. Kf3 h4 54. Kg2 Kd7 55. Kh3 Ke7 56. Kxh4 Kf7 57. Kh5 Kg7 58. e6 Kf6 59. Kxh6 Kxe6 60. Kg6 1-0

[Event "COL-ch U20"]
[Site "Florencia Caqueta"]
[Date "2024.10.06"]
[Round "2"]
[White "Tobar Beltran, Carlos Andres"]
[Black "Paez Villanueva, Santiago"]
[Result "1-0"]
[WhiteElo "2016"]
[BlackElo "1782"]
[PlyCount "61"]
[EventDate "2024.10.06"]
[EventType "swiss (blitz)"]
[EventRounds "9"]
[EventCountry "COL"]
[SourceTitle "CB44_2024"]
[Source "Chessbase"]
[SourceDate "2024.10.30"]
[SourceVersion "1"]
[SourceVersionDate "2024.10.30"]
[SourceQuality "1"]

1. Nf3 Nf6 2. b3 g6 3. Bb2 Bg7 4. d4 d6 5. Nbd2 0-0 6. e4 Nc6 7. Bd3 Bg4 8. h3 Bc8 9. a3 Re8 10. 0-0 e5 11. dxe5 Nxe5 12. Nxe5 dxe5 13. Qe2 c6 14. Rad1 Qc7 15. a4 Nd7 16. Bc4 Nb6 17. Bd3 Nd7 18. Qe3 Qb6 19. Qg3 Nc5 20. Nc4 Qc7 21. Qe3 Nxd3 22. Rxd3 b5 23. axb5 cxb5 24. Nd6 Re7 25. Nxb5 Qxc2 26. Rd8+ Bf8 27. Qh6 Re8 28. Rxe8 Qc5 29. Bxe5 f6 30. Bxf6 Kf7 31. Rxf8+ 1-0

[Event "Juegos Univers 31st blitz op"]
[Site "Pereira"]
[Date "2024.10.02"]
[Round "6"]
[White "Loaiza Cuervo, Santiago"]
[Black "Tobar Beltran, Carlos Andres"]
[Result "0-1"]
[WhiteElo "2046"]
[BlackElo "2116"]
[PlyCount "142"]
[EventDate "2024.10.02"]
[EventType "swiss"]
[EventRounds "14"]
[EventCountry "COL"]
[SourceTitle "EXT 2025"]
[Source "ChessBase"]
[SourceDate "2024.10.14"]
[SourceVersion "1"]
[SourceVersionDate "2024.10.14"]
[SourceQuality "1"]

1. e4 c6 2. d4 d5 3. e5 c5 4. dxc5 e6 5. Nf3 Nc6 6. a3 Bxc5 7. Bd3 Qc7 8. b4 Nxe5 9. bxc5 Nxf3+ 10. Qxf3 Qe5+ 11. Be3 Qxa1 12. Bb5+ Bd7 13. Bxd7+ Kxd7 14. 0-0 Qf6 15. Qe2 Ne7 16. Qb5+ Kc7 17. Qa5+ Kc8 18. c4 Nc6 19. Qa4 d4 20. Bc1 e5 21. Nd2 Qg6 22. Re1 Re8 23. Ne4 Kc7 24. Nd6 Red8 25. Bd2 Rxd6 26. cxd6+ Qxd6 27. Bb4 Nxb4 28. axb4 f6 29. c5 Qc6 30. Qb3 Rd8 31. Rc1 Qd5 32. Qa4 d3 33. b5 Kb8 34. c6 Rc8 35. Ra1 Qc5 36. cxb7 Kxb7 37. Qa6+ Kb8 38. g3 Qb6 39. Qa3 Rd8 40. Rd1 Qd6 41. Qc3 e4 42. b6 axb6 43. Rd2 Qd4 44. Qc6 e3 45. Ra2 exf2+ 46. Kg2 Qd5+ 47. Qxd5 Rxd5 48. Rd2 Kc7 49. Kxf2 Kc6 50. Ke3 Kc5 51. Ke4 Rd4+ 52. Kf5 Rd7 53. Ke6 Rd4 54. Kf7 Kc4 55. Kxg7 Kc3 56. Rd1 Kc2 57. Rf1 d2 58. Kxh7 d1Q 59. Rxd1 Rxd1 60. h4 Rg1 61. h5 Rxg3 62. Kh8 Rh3 63. Kg7 Rxh5 64. Kxf6 b5 65. Ke6 b4 66. Kd6 b3 67. Ke6 b2 68. Kf6 b1Q 69. Ke6 Qb6+ 70. Kf7 Rh7+ 71. Kg8 Rc7 0-1

[Event "Juegos Univers 31st blitz op"]
[Site "Pereira"]
[Date "2024.10.02"]
[Round "9"]
[White "Rodriguez Valencia, Sebastian"]
[Black "Tobar Beltran, Carlos Andres"]
[Result "1/2-1/2"]
[WhiteElo "1916"]
[BlackElo "2116"]
[PlyCount "137"]
[EventDate "2024.10.02"]
[EventType "swiss"]
[EventRounds "14"]
[EventCountry "COL"]
[SourceTitle "EXT 2025"]
[Source "ChessBase"]
[SourceDate "2024.10.14"]
[SourceVersion "1"]
[SourceVersionDate "2024.10.14"]
[SourceQuality "1"]

1. d4 Nf6 2. c4 e6 3. Nf3 Bb4+ 4. Bd2 Be7 5. e3 b6 6. Bd3 Bb7 7. 0-0 0-0 8. Nc3 d5 9. Rc1 Nbd7 10. Qe2 c5 11. Rfd1 Rc8 12. cxd5 exd5 13. e4 dxe4 14. Nxe4 Nxe4 15. Bxe4 Bxe4 16. Qxe4 Nf6 17. Qb7 Rc7 18. Qa6 cxd4 19. Rxc7 Qxc7 20. Nxd4 Rd8 21. Bc3 Ne4 22. Qe2 Nxc3 23. bxc3 Bf6 24. Qf3 h6 25. g3 Qc4 26. Kg2 Qxa2 27. h4 Qd5 28. Qxd5 Rxd5 29. Kf3 Kf8 30. Ke4 Re5+ 31. Kd3 Re8 32. Ra1 a5 33. Nc6 Rc8 34. Nd4 Bxd4 35. Kxd4 Ke7 36. Rb1 Rc6 37. Kd5 Kd7 38. c4 Rc5+ 39. Kd4 Kc6 40. Ra1 Rf5 41. f4 g5 42. hxg5 hxg5 43. fxg5 Rxg5 44. Rf1 Rg4+ 45. Kc3 Rxg3+ 46. Kd4 Rg4+ 47. Kc3 Rg3+ 48. Kd4 Rg7 49. Rf6+ Kb7 50. Kc3 Rg5 51. Rxf7+ Ka6 52. Rf6 Rg3+ 53. Kd4 Rg5 54. Kc3 Rc5 55. Kb3 Rc7 56. Rg6 Kb7 57. Rf6 Rh7 58. Ka4 Rh4 59. Kb5 Rh5+ 60. Ka4 Ka6 61. Rg6 Re5 62. Rh6 Rc5 63. Kb3 Rg5 64. Ka4 Rg4 65. Kb3 Rg5 66. Rf6 Rh5 67. Rg6 Kb7 68. Rf6 Rh7 69. Ka4 1/2-1/2

[Event "Juegos Univers 31st rap op"]
[Site "Pereira"]
[Date "2024.10.02"]
[Round "7"]
[White "Tobar Beltran, Carlos Andres"]
[Black "Zapata Montoya, Andres Geronimo"]
[Result "0-1"]
[WhiteElo "2116"]
[BlackElo "2139"]
[PlyCount "66"]
[EventDate "2024.10.01"]
[EventType "swiss"]
[EventRounds "7"]
[EventCountry "COL"]
[SourceTitle "EXT 2025"]
[Source "ChessBase"]
[SourceDate "2024.10.14"]
[SourceVersion "1"]
[SourceVersionDate "2024.10.14"]
[SourceQuality "1"]

1. Nf3 c5 2. b3 Nc6 3. Bb2 Nf6 4. e3 e6 5. d4 cxd4 6. exd4 Bb4+ 7. c3 Ba5 8. Bd3 0-0 9. 0-0 Bc7 10. Nbd2 Ne7 11. c4 Ng6 12. Ne5 Nf4 13. Bc2 d6 14. Nd3 Ng6 15. Qf3 Rb8 16. Ne4 Nxe4 17. Qxe4 b6 18. d5 e5 19. f4 f5 20. Qe2 e4 21. Nb4 Bd7 22. a4 Qc8 23. h3 Bd8 24. Rae1 Qc5+ 25. Qf2 Qxb4 26. g4 Bh4 27. Qg2 Bxe1 28. gxf5 Bxf5 29. Bxe4 Bc3 30. Bxf5 Rxf5 31. Qc2 Rxf4 32. Bxc3 Qc5+ 33. Kg2 Nh4+ 0-1

[Event "Juegos Univers 31st op"]
[Site "Pereira"]
[Date "2024.09.28"]
[Round "2"]
[White "Trujillo Artunduaga, Sebastian"]
[Black "Tobar Beltran, Carlos Andres"]
[Result "0-1"]
[WhiteElo "1851"]
[BlackElo "2116"]
[PlyCount "88"]
[EventDate "2024.09.28"]
[EventType "swiss"]
[EventRounds "7"]
[EventCountry "COL"]
[SourceTitle "EXT 2025"]
[Source "ChessBase"]
[SourceDate "2024.10.14"]
[SourceVersion "1"]
[SourceVersionDate "2024.10.14"]
[SourceQuality "1"]

1. d4 Nf6 2. Nf3 g6 3. Bf4 Bg7 4. e3 0-0 5. Be2 d6 6. h3 Nbd7 7. 0-0 Re8 8. Bh2 b6 9. Bb5 Bb7 10. Nbd2 e5 11. dxe5 dxe5 12. e4 Qe7 13. c3 Rad8 14. Qe2 Nh5 15. Qe3 c6 16. Ba4 Nc5 17. Bc2 Ba6 18. c4 Qc7 19. b4 Ne6 20. a4 Nhf4 21. b5 Bc8 22. Rfd1 Bh6 23. Kh1 Kg7 24. Qc3 Nd4 25. Nb3 c5 26. Nbxd4 cxd4 27. Qb4 f6 28. Bxf4 Bxf4 29. a5 Be6 30. axb6 axb6 31. Bd3 Qd7 32. Ng1 Rc8 33. Ra4 f5 34. Rda1 fxe4 35. Bxe4 Rxc4 36. Qb1 Rc1 37. Qxc1 Bxc1 38. Ra7 Qxa7 39. Rxa7+ Kf6 40. Rc7 Ba3 41. g4 Rd8 42. Nf3 h6 43. Rc6 d3 44. Bxg6 d2 0-1

[Event "Medellin Castro Memorial op-A 31st"]
[Site "Medellin"]
[Date "2024.08.10"]
[Round "7"]
[White "Tobar Beltran, Carlos Andres"]
[Black "Ortiz Lopera, Miguel Angel"]
[Result "1/2-1/2"]
[WhiteElo "2075"]
[BlackElo "2040"]
[PlyCount "51"]
[EventDate "2024.08.07"]
[EventType "swiss"]
[EventRounds "10"]
[EventCountry "COL"]
[SourceTitle "CBM 221 Extra"]
[Source "ChessBase"]
[SourceDate "2024.09.30"]
[SourceVersion "1"]
[SourceVersionDate "2024.09.30"]
[SourceQuality "1"]

1. Nf3 d5 2. d4 Nf6 3. Bg5 Ne4 4. Bf4 c5 5. c3 Qb6 6. Qc1 cxd4 7. cxd4 Nc6 8. Nc3 e6 9. e3 Bb4 10. Bd3 f5 11. 0-0 0-0 12. Nb5 Rf7 13. a3 Bf8 14. Ne5 Nxe5 15. Bxe5 Nd6 16. Nxd6 Bxd6 17. Bxd6 Qxd6 18. f4 Rc7 19. Qd2 Bd7 20. Rac1 Rac8 21. b4 a6 22. Rc5 b6 23. Rxc7 Rxc7 24. Rc1 Bb5 25. Rc3 Bc4 26. Qc1 1/2-1/2

[Event "Pereira op"]
[Site "Pereira"]
[Date "2024.07.20"]
[Round "7"]
[White "Pazos Gambarrotti, Plinio Efrain"]
[Black "Tobar Beltran, Carlos Andres"]
[Result "1-0"]
[WhiteElo "2013"]
[BlackElo "2096"]
[PlyCount "79"]
[EventDate "2024.07.17"]
[EventType "swiss"]
[EventRounds "10"]
[EventCountry "COL"]
[SourceTitle "EXT 2025"]
[Source "ChessBase"]
[SourceDate "2024.10.14"]
[SourceVersion "1"]
[SourceVersionDate "2024.10.14"]
[SourceQuality "1"]

1. d4 Nf6 2. c4 e6 3. Nf3 b6 4. a3 Bb7 5. Nc3 Be7 6. d5 exd5 7. cxd5 0-0 8. e4 d6 9. Bd3 Re8 10. 0-0 Nbd7 11. Re1 Bf8 12. Nd4 g6 13. Bb5 Bg7 14. Bg5 h6 15. Bh4 a6 16. Bc6 Bxc6 17. Nxc6 Qc8 18. Rc1 Nc5 19. f3 g5 20. Bf2 Nh5 21. b4 Nd7 22. Nd4 Ne5 23. Nf5 Nf4 24. Bd4 h5 25. Ne2 Nfd3 26. Nxg7 Nxc1 27. Nxe8 Nxe2+ 28. Rxe2 Qxe8 29. Rc2 Qa4 30. Qc1 Ng6 31. Rxc7 Nf4 32. Kh1 f6 33. Bxf6 Qb3 34. Bxg5 Nh3 35. Qa1 Nf2+ 36. Kg1 Qxd5 37. exd5 Nd1 38. Be7 a5 39. Bxd6 axb4 40. Bxb4 1-0

[Event "Pereira op"]
[Site "Pereira"]
[Date "2024.07.18"]
[Round "3"]
[White "Ortiz Lopera, Miguel Angel"]
[Black "Tobar Beltran, Carlos Andres"]
[Result "1/2-1/2"]
[WhiteElo "1977"]
[BlackElo "2096"]
[PlyCount "48"]
[EventDate "2024.07.17"]
[EventType "swiss"]
[EventRounds "10"]
[EventCountry "COL"]
[SourceTitle "EXT 2025"]
[Source "ChessBase"]
[SourceDate "2024.10.14"]
[SourceVersion "1"]
[SourceVersionDate "2024.10.14"]
[SourceQuality "1"]

1. e4 c6 2. d4 d5 3. exd5 cxd5 4. Bd3 Nc6 5. c3 Qc7 6. h3 Nf6 7. Nf3 g6 8. 0-0 Bg7 9. Bg5 0-0 10. Re1 Re8 11. Na3 a6 12. Nc2 Nh5 13. Qd2 f6 14. Bh6 Bxh6 15. Qxh6 Qf4 16. Qxf4 Nxf4 17. Bf1 e5 18. dxe5 fxe5 19. Rad1 Bf5 20. Ne3 Rad8 21. g3 Nxh3+ 22. Bxh3 Bxh3 23. Nxd5 Kg7 24. Nc7 Rf8 1/2-1/2

[Event "Pereira op"]
[Site "Pereira"]
[Date "2024.07.18"]
[Round "4"]
[White "Tobar Beltran, Carlos Andres"]
[Black "Londono Lopez, Donaldo Eliuver"]
[Result "0-1"]
[WhiteElo "2096"]
[BlackElo "2108"]
[PlyCount "59"]
[EventDate "2024.07.17"]
[EventType "swiss"]
[EventRounds "10"]
[EventCountry "COL"]
[SourceTitle "EXT 2025"]
[Source "ChessBase"]
[SourceDate "2024.10.14"]
[SourceVersion "1"]
[SourceVersionDate "2024.10.14"]
[SourceQuality "1"]

1. b3 Nf6 2. Bb2 g6 3. Nf3 d5 4. c4 Bg7 5. g3 0-0 6. Bg2 c6 7. 0-0 a5 8. d4 a4 9. bxa4 Qa5 10. Nc3 dxc4 11. e4 Rd8 12. Ne5 Be6 13. Rb1 Nbd7 14. Nxd7 Rxd7 15. Qe1 Rxd4 16. Nd5 Qxe1 17. Rfxe1 Rd2 18. Nxe7+ Kf8 19. Ba3 Rxa2 20. Bd6 Ne8 21. Nxg6+ Kg8 22. Ne7+ Kh8 23. e5 Nxd6 24. exd6 Bd4 25. Re4 Bxf2+ 26. Kf1 Bc5 27. Rxb7 Rf2+ 28. Ke1 Rxg2 29. Nxc6 Rxa4 30. Rb1 0-1

[Event "American Continental Rapid 18th"]
[Site "Medellin"]
[Date "2024.06.01"]
[Round "4"]
[White "Soto, Cristian Camilo"]
[Black "Tobar Beltran, Carlos Andres"]
[Result "1-0"]
[WhiteElo "2090"]
[BlackElo "2027"]
[PlyCount "33"]
[EventDate "2024.06.01"]
[EventType "swiss (rapid)"]
[EventRounds "9"]
[EventCountry "COL"]
[SourceTitle "CBM 220 Extra"]
[Source "ChessBase"]
[SourceDate "2024.07.31"]
[SourceVersion "1"]
[SourceVersionDate "2024.07.31"]
[SourceQuality "1"]

1. c4 f5 2. Nc3 Nf6 3. g3 e6 4. Bg2 d5 5. cxd5 exd5 6. d3 c6 7. Nf3 Bd6 8. 0-0 0-0 9. e4 fxe4 10. dxe4 dxe4 11. Ng5 Qe7 12. Ngxe4 Bb4 13. Bg5 Bf5 14. Re1 Bxe4 15. Rxe4 Qc5 16. Qb3+ Nd5 17. Be3 1-0

[Event "American Continental Rapid 18th"]
[Site "Medellin"]
[Date "2024.06.01"]
[Round "9"]
[White "Tobar Beltran, Carlos Andres"]
[Black "Ospina Castro, Santiago"]
[Result "1/2-1/2"]
[WhiteElo "2027"]
[BlackElo "2019"]
[PlyCount "170"]
[EventDate "2024.06.01"]
[EventType "swiss (rapid)"]
[EventRounds "9"]
[EventCountry "COL"]
[SourceTitle "CBM 220 Extra"]
[Source "ChessBase"]
[SourceDate "2024.07.31"]
[SourceVersion "1"]
[SourceVersionDate "2024.07.31"]
[SourceQuality "1"]

1. Nf3 Nf6 2. b3 b6 3. Bb2 Bb7 4. g3 e6 5. Bg2 Be7 6. 0-0 c5 7. c4 0-0 8. d3 d5 9. Ne5 Nbd7 10. f4 Qc7 11. e3 Rfd8 12. Qe2 Nf8 13. Nd2 Ng6 14. Ndf3 Nd7 15. Rac1 dxc4 16. dxc4 Ndxe5 17. Nxe5 Bf6 18. Nxg6 Bxb2 19. Qxb2 hxg6 20. Rcd1 Bc6 21. Bxc6 Qxc6 22. Qg2 Qc7 23. Qe2 Rac8 24. Kf2 e5 25. Rd5 exf4 26. gxf4 Rxd5 27. cxd5 Rd8 28. Rd1 g5 29. Qg4 gxf4 30. Qxf4 Qxf4+ 31. exf4 Kf8 32. f5 Ke7 33. Ke3 Rh8 34. Rd2 Kd6 35. Kf4 Rh4+ 36. Ke3 Ke5 37. d6 Rh8 38. Rg2 Kxf5 39. Rxg7 Ke6 40. d7 Rd8 41. h4 Kf6 42. Rg4 Rxd7 43. a3 Rd5 44. b4 cxb4 45. axb4 a5 46. Rc4 Rb5 47. bxa5 bxa5 48. Ra4 Kg6 49. Kf3 Rf5+ 50. Kg3 Rb5 51. Kf3 Rc5 52. Kg4 Rb5 53. Kf3 Kh5 54. Kg3 Rb3+ 55. Kg2 Rb2+ 56. Kg3 Rb3+ 57. Kg2 Rb5 58. Kg3 Kg6 59. Kf3 Kf6 60. Kg3 Ke6 61. Kf3 Kd6 62. Kg3 Kc6 63. Rf4 Rb3+ 64. Kg2 Rb4 65. Rf5 a4 66. h5 Kb6 67. Rf3 Rh4 68. Rf6+ Kb5 69. Rf5+ Kb4 70. Kg3 Rh1 71. Kg4 a3 72. Rxf7 a2 73. Ra7 a1Q 74. Rxa1 Rxa1 75. h6 Rh1 76. Kg5 Kc5 77. Kg6 Kd6 78. h7 Ke7 79. Kg7 Rg1+ 80. Kh8 Rf1 81. Kg7 Rg1+ 82. Kh8 Ra1 83. Kg7 Rg1+ 84. Kh8 Rh1 85. Kg7 Rxh7+ 1/2-1/2

[Event "American Continental 18th"]
[Site "Medellin"]
[Date "2024.05.25"]
[Round "3"]
[White "Agudelo Zapata, Yarli Alejandra"]
[Black "Tobar Beltran, Carlos Andres"]
[Result "0-1"]
[WhiteElo "1817"]
[BlackElo "2018"]
[PlyCount "70"]
[EventDate "2024.05.24"]
[EventType "swiss"]
[EventRounds "11"]
[EventCountry "COL"]
[SourceTitle "CBM 220 Extra"]
[Source "ChessBase"]
[SourceDate "2024.07.31"]
[SourceVersion "1"]
[SourceVersionDate "2024.07.31"]
[SourceQuality "1"]

1. d4 Nf6 2. Nf3 e6 3. g3 d5 4. Bg2 c5 5. c4 Nc6 6. cxd5 exd5 7. Nc3 h6 8. 0-0 Be7 9. Bf4 Be6 10. Rc1 c4 11. Ne5 0-0 12. e4 Nxe5 13. dxe5 Nxe4 14. Nxe4 dxe4 15. Bxe4 Qa5 16. Qh5 Bg5 17. Rfe1 Bxf4 18. gxf4 Bd5 19. Bb1 Rad8 20. Qf5 g6 21. Qg4 Kh8 22. Qh4 Kh7 23. f5 Qd2 24. e6 fxe6 25. fxg6+ Kg8 26. Rcd1 Qxb2 27. Re3 Qf6 28. Qg3 Qf4 29. Qxf4 Rxf4 30. h3 Rc8 31. Bc2 Rc7 32. Rc3 Kg7 33. Re1 b5 34. a3 a5 35. Rb1 Rb7 0-1

[Event "American Continental 18th"]
[Site "Medellin"]
[Date "2024.05.25"]
[Round "2"]
[White "Tobar Beltran, Carlos Andres"]
[Black "Zambrana, Oswaldo"]
[Result "0-1"]
[WhiteElo "2018"]
[BlackElo "2401"]
[PlyCount "76"]
[EventDate "2024.05.24"]
[EventType "swiss"]
[EventRounds "11"]
[EventCountry "COL"]
[SourceTitle "CBM 220 Extra"]
[Source "ChessBase"]
[SourceDate "2024.07.31"]
[SourceVersion "1"]
[SourceVersionDate "2024.07.31"]
[SourceQuality "1"]

1. d4 Nf6 2. c4 e6 3. Nc3 c5 4. d5 exd5 5. cxd5 d6 6. e4 g6 7. f4 Bg7 8. Bb5+ Nfd7 9. a4 0-0 10. Nf3 Na6 11. 0-0 Nc7 12. Bd3 a6 13. Re1 Re8 14. e5 dxe5 15. d6 Ne6 16. fxe5 Nd4 17. Bf4 Nxf3+ 18. Qxf3 Nxe5 19. Bxe5 Rxe5 20. Rxe5 Bxe5 21. Bc4 Be6 22. Bxe6 Bd4+ 23. Kh1 fxe6 24. Qxb7 Rb8 25. Qf3 Qxd6 26. Ne4 Qe7 27. Qe2 a5 28. Rf1 Rf8 29. Rd1 Rf5 30. Qb5 Qf8 31. Qa6 Kg7 32. Ng3 Rf2 33. Qxa5 Qb8 34. b4 Qb7 35. Rg1 Rb2 36. Qb5 Qxb5 37. axb5 Bxg1 38. b6 Bd4 0-1

[Event "COL-ch Students"]
[Site "Popayan"]
[Date "2024.05.03"]
[Round "3"]
[White "Guzman Guacas, Daniel Stiven"]
[Black "Tobar Beltran, Carlos Andres"]
[Result "0-1"]
[WhiteElo "1692"]
[BlackElo "2018"]
[PlyCount "46"]
[EventDate "2024.05.02"]
[EventType "swiss"]
[EventRounds "7"]
[EventCountry "COL"]
[SourceTitle "CBM 220 Extra"]
[Source "ChessBase"]
[SourceDate "2024.07.31"]
[SourceVersion "1"]
[SourceVersionDate "2024.07.31"]
[SourceQuality "1"]

1. e4 c6 2. d4 d5 3. e5 Bf5 4. Bd3 Bxd3 5. Qxd3 e6 6. Ne2 c5 7. c3 Nc6 8. 0-0 Nge7 9. Bg5 h6 10. Bxe7 Bxe7 11. Nd2 0-0 12. f4 Qb6 13. Rab1 f6 14. Nf3 cxd4 15. cxd4 f5 16. Kh1 Nb4 17. Qb3 a5 18. Nc3 Qc6 19. a4 Rfc8 20. Rfc1 Nd3 21. Nxd5 Qxc1+ 22. Rxc1 Rxc1+ 23. Ng1 Nf2# 0-1